书目信息 |
| 题名: |
心理测量与SPSS软件使用
|
|
| 作者: | 刘德全 , 李洋 , 彭丽华 编著 | |
| 分册: | ||
| 出版信息: | 北京 中国人民公安大学出版社 2010 |
|
| 页数: | 249页 | |
| 开本: | 26cm | |
| 丛书名: | ||
| 单 册: | ||
| 中图分类: | B841.7 | |
| 科图分类: | ||
| 主题词: | 心理测验--统计分析--统计程序 , 心理测验 , 统计分析 , 统计程序 | |
| 电子资源: | ||
| ISBN: | 978-7-81139-943-1 | |
| 000 | 01031nam0 2200301 45 | |
| 001 | 1130755796 | |
| 005 | 20110310091416.15 | |
| 010 | @a978-7-81139-943-1@dCNY40.00 | |
| 100 | @a20110121d2010 em y0chiy50 ea | |
| 101 | 0 | @achi |
| 102 | @aCN@b110000 | |
| 105 | @ay z 000yy | |
| 106 | @ar | |
| 200 | 1 | @a心理测量与SPSS软件使用@AXin Li Ce Liang Yu SPSS Ruan Jian Shi Yong@f刘德全,李洋,彭丽华编著@FLiu De Quan, Li Yang, Peng Li Hua Bian Zhu |
| 210 | @a北京@c中国人民公安大学出版社@d2010 | |
| 215 | @a249页@d26cm | |
| 330 | @a本书以心理测量学和统计学原理为理论基础,以常用的统计方法为主要内容,重点介绍这些统计分析方法的SPSS软件的应用。 | |
| 606 | 0 | @a心理测验@x统计分析@x统计程序 |
| 606 | 0 | @a心理测验 |
| 606 | 0 | @a统计分析 |
| 606 | 0 | @a统计程序 |
| 610 | 0 | @aSPSS |
| 690 | @aB841.7@v4 | |
| 701 | 0 | @a刘德全@ALiu De Quan@c(心理学)@4编著 |
| 701 | 0 | @a李洋@ALi Yang@c(心理学)@4编著 |
| 701 | 0 | @a彭丽华@APeng Li Hua@c(心理学)@4编著 |
| 801 | 0 | @aCN@bTANGWEI@c20110310 |
| 905 | @b0532111-15@dB841.7@e1029@f5 | |
| 心理测量与SPSS软件使用/刘德全,李洋,彭丽华编著.-北京:中国人民公安大学出版社,2010 |
| 249页;26cm |
| ISBN 978-7-81139-943-1:CNY40.00 |
| 本书以心理测量学和统计学原理为理论基础,以常用的统计方法为主要内容,重点介绍这些统计分析方法的SPSS软件的应用。 |
| ● |
| 相关链接 |
|
|
|
|
正题名:心理测量与SPSS软件使用
索取号:B841.7/1029
 
预约/预借
| 序号 | 登录号 | 条形码 | 馆藏地/架位号 | 状态 | 备注 |
| 1 | 0532111 | 205321114 | 第一样本阅览室/ [索取号:B841.7/1029] | 在馆 | |
| 2 | 0532112 | 205321123 | 第一借阅区/ [索取号:B841.7/1029] | 在馆 | |
| 3 | 0532113 | 205321132 | 第一借阅区/ [索取号:B841.7/1029] | 在馆 | |
| 4 | 0532114 | 205321141 | 第一借阅区/ [索取号:B841.7/1029] | 在馆 | |
| 5 | 0532115 | 205321150 | 第一借阅区/ [索取号:B841.7/1029] | 在馆 |